00722nam a22001937a 4500003000900000008004100009040007100050082001700121100001800138245006700156260003000223300002700253440002900280505012900309650001900438650001200457650001000469710004900479AR-CdUCM190416b ||||| |||| 00| 0 spa d aMUNICIPALIDAD PROVINCIAL DEL CUSCOcBIBLIOTECA MUNICIPAL DEL CUSCO a301.2 /bT77 aTovar, Teresa aMovimiento Barrial :b Organización y unidad (1978 - 1981) / aLima :bAndromeda,c1982. a71 páginas ;c20 cm. aSerie B - documentos n5 aContenido : El punto de partida -- Los esfuerzos de centralización -- Las perspectivas y retos del movimiento barrial ...  aOrganización aBarrial aRetos aPrograma de capacitación popular de DESCO